Normal view MARC view

Entry Topical Term

Number of records used in: 1

001 - CONTROL NUMBER

  • control field: 259591

003 - CONTROL NUMBER IDENTIFIER

  • control field: MY-SjTCS

005 - DATE AND TIME OF LATEST TRANSACTION

  • control field: 20200306165112.0

008 - FIXED-LENGTH DATA ELEMENTS

  • fixed length control field: 200306|| aca||aabn | a|a d

040 ## - CATALOGING SOURCE

  • Original cataloging agency: MY-SjTCS
  • Transcribing agency: MY-SjTCS

150 ## - HEADING--TOPICAL TERM

  • Topical term or geographic name entry element: Microwaves

670 ## - SOURCE DATA FOUND

  • Source citation: Work cat.: (MY-SjTCS)52969: National Research Council (U.S.). Committee on Microwave Processing of Materials: An Emerging Industrial Technology. 259589, Microwave processing of materials, 1994.